[Event "Bhubaneswar op-A 14th"]
[Site "Bhubaneswar"]
[Date "2023.06.11"]
[Round "1"]
[White "Shankhodip, De"]
[Black "Lakshmi Charan Naidu, G."]
[Result "1/2-1/2"]
[WhiteElo "1821"]
[BlackElo "1625"]
[PlyCount "163"]
[EventDate "2023.06.11"]
[EventType "swiss"]
[EventRounds "10"]
[EventCountry "IND"]
[SourceTitle "EXT 2024"]
[Source "ChessBase"]
[SourceDate "2023.10.10"]
[SourceVersion "1"]
[SourceVersionDate "2023.10.10"]
[SourceQuality "1"]

1. e4 c5 2. Nf3 g6 3. c3 Bg7 4. d4 cxd4 5. cxd4 d5 6. e5 Bg4 7. Bb5+ Nd7 8. Nc3 e6 9. h3 Bxf3 10. Qxf3 Ne7 11. h4 h5 12. Bg5 a6 13. Bd3 Qb6 14. Ne2 Nc6 15. Qe3 Qb4+ 16. Qd2 Bh6 17. a3 Qxd2+ 18. Bxd2 Bxd2+ 19. Kxd2 Na5 20. Rab1 Rc8 21. b3 Ke7 22. f3 Nc6 23. g4 Ncxe5 24. dxe5 Nxe5 25. gxh5 Rxh5 26. Ng3 Rxh4 27. Ke3 Rxh1 28. Nxh1 d4+ 29. Ke2 Nxd3 30. Kxd3 e5 31. f4 f6 32. fxe5 fxe5 33. Ke4 Ke6 34. Rg1 Kf6 35. Nf2 Rc3 36. Ng4+ Ke6 37. Nxe5 Re3+ 38. Kxd4 Rxb3 39. Ra1 g5 40. Nd3 Kf5 41. Nc5 Rb2 42. Rf1+ Kg4 43. Rg1+ Kh3 44. Kc3 Ra2 45. Kb3 Rg2 46. Rxg2 Kxg2 47. Nxb7 g4 48. Nd6 Kf3 49. Nf5 Kf4 50. Nd4 Ke4 51. Ne2 Kf3 52. Nd4+ Ke4 53. Kc3 g3 54. Ne2 g2 55. Kd2 a5 56. a4 Kd5 57. Kd3 Ke5 58. Ng1 Kf4 59. Kd4 Kf5 60. Ne2 Kf6 61. Ke4 Ke6 62. Kd4 Kd6 63. Ng1 Kc6 64. Kc4 Kd6 65. Nf3 Kc6 66. Ne5+ Kd6 67. Nf3 Kc6 68. Ng1 Kd6 69. Nf3 Kc6 70. Nd4+ Kd6 71. Ne2 Ke5 72. Kd3 Kd5 73. Ng1 Kc5 74. Kc3 Kd5 75. Ne2 Ke4 76. Kd2 Ke5 77. Kc3 Ke4 78. Kd2 Ke5 79. Kd3 Kd5 80. Ng1 Kc5 81. Kc3 Kd5 82. Nh3 1/2-1/2

[Event "BAN-chT 1st League"]
[Site "Dhaka"]
[Date "2022.03.11"]
[Round "2.2"]
[White "Md Abu, Hanif"]
[Black "Shankhodip, De"]
[Result "1/2-1/2"]
[WhiteElo "2023"]
[BlackElo "1644"]
[PlyCount "50"]
[EventDate "2022.03.10"]
[EventType "team-tourn"]
[EventRounds "11"]
[EventCountry "BAN"]
[SourceTitle "EXT 2023"]
[Source "ChessBase"]
[SourceDate "2022.10.05"]
[SourceVersion "1"]
[SourceVersionDate "2022.10.05"]
[SourceQuality "1"]
[WhiteTeam "Access"]
[BlackTeam "Mir CC"]
[WhiteTeamCountry "BAN"]
[BlackTeamCountry "BAN"]

1. d4 d5 2. Nf3 Nf6 3. Nbd2 c5 4. c3 Nc6 5. e3 e6 6. Bd3 Be7 7. Qe2 0-0 8. 0-0 Qc7 9. b3 b6 10. Bb2 Bb7 11. Rac1 Rac8 12. Bb1 e5 13. dxe5 Nxe5 14. c4 Nxf3+ 15. Nxf3 dxc4 16. Rxc4 Ba6 17. Bxf6 Bxf6 18. Qc2 g6 19. Rf4 Bxf1 20. Kxf1 Bg7 21. h4 h5 22. g4 hxg4 23. Rxg4 Qd7 24. Rg3 Rcd8 25. Ke2 Qb5+ 1/2-1/2